La creación del nuevo derecho del mar: el aporte de Chile: contiene un análisis de la convención de las Naciones Unidas sobre el derecho del mar, de 1982

Պահպանված է:
Մատենագիտական մանրամասներ
Հիմնական հեղինակ: Llanos Mansilla, Hugo (autor)
Ձևաչափ: Գիրք
Լեզու:իսպաներեն
Հրապարակվել է: Santiago Jurídica de Chile 1991
Խորագրեր:
Ցուցիչներ: Ավելացրեք ցուցիչ
Չկան պիտակներ, Եղեք առաջինը, ով նշում է այս գրառումը!

MARC

LEADER 00000nam a2200000 a 4500
001 UCV2539
003 CL-VaPUC
008 920820e19910000CL |||||||||||||||||spa|d
082 0 4 |a 341.44  |b LLA  |2 21 
100 |a Llanos Mansilla, Hugo  |e autor  |9 597896 
245 1 3 |a La creación del nuevo derecho del mar: el aporte de Chile: contiene un análisis de la convención de las Naciones Unidas sobre el derecho del mar, de 1982 
300 |a 655 p 
942 |c BK 
945 |d 19920820 00:00:00 
260 |a Santiago  |b Jurídica de Chile  |c 1991 
650 0 |a Derecho del mar  |9 257927 
651 7 |a CHILE  |2 CL-VaPUC  |9 296779 
583 |a last modification  |c 19920820 00:00:00  |k Rodrigo Vera 
999 |c 210081  |d 210079 
952 |0 0  |1 0  |4 0  |6 341_440000000000000_LLA_1991  |7 0  |8 A  |9 186093  |a BIBDER  |b BIBDER  |d 2019-11-14  |i 2535521  |l 7  |o 341.44 LLA 1991  |p 2535521  |r 2023-01-25  |s 2022-04-01  |w 2019-11-14  |y BK  |k DER